2306-名古屋臨海高速鉄道の駅 - Statistics

General Stats
  • This quiz has been taken 187 times
    180 since last reset
  • The average score is 8 of 11
Answer Stats
西名古屋港線 % Correct
名古屋
99%
金城ふ頭
94%
ささしまライブ
93%
荒子
74%
荒子川公園
69%
南荒子
61%
稲永
57%
野跡
57%
港北
56%
小本
53%
中島
47%
No matching quizzes found
Score Distribution
Percent of People with Each Score
Percentile by Number Answered
Your Score History
You have not taken this quiz since the last reset